<?xml version="1.0" encoding="UTF-8"?>
<record
    xmlns:xsi="http://www.w3.org/2001/XMLSchema-instance"
    xsi:schemaLocation="http://www.loc.gov/MARC21/slim http://www.loc.gov/standards/marcxml/schema/MARC21slim.xsd"
    xmlns="http://www.loc.gov/MARC21/slim">

  <leader>00598nam a22001937a 4500</leader>
  <controlfield tag="005">20240530110900.0</controlfield>
  <controlfield tag="008">220208s1997    uk     g      000 0 eng d</controlfield>
  <datafield tag="040" ind1=" " ind2=" ">
    <subfield code="a">EG-CaGPL</subfield>
    <subfield code="c">EG-CaGPL</subfield>
  </datafield>
  <datafield tag="082" ind1="0" ind2="4">
    <subfield code="2">21</subfield>
    <subfield code="a">028.7/</subfield>
    <subfield code="b">E I</subfield>
  </datafield>
  <datafield tag="100" ind1="1" ind2=" ">
    <subfield code="a">Eagle, Selwyn</subfield>
  </datafield>
  <datafield tag="245" ind1=" " ind2=" ">
    <subfield code="a">Informatiom Sources in Environmental Protection/</subfield>
    <subfield code="c">Edited by Selwyn Eagle, Judith Deschamps </subfield>
  </datafield>
  <datafield tag="260" ind1=" " ind2=" ">
    <subfield code="a">london :</subfield>
    <subfield code="b">Bowker,</subfield>
    <subfield code="c">1997.</subfield>
  </datafield>
  <datafield tag="300" ind1=" " ind2=" ">
    <subfield code="a">280 p.;</subfield>
    <subfield code="c">22 cm.</subfield>
  </datafield>
  <datafield tag="490" ind1="0" ind2=" ">
    <subfield code="a">Guides to Infoemation Sources.</subfield>
  </datafield>
  <datafield tag="650" ind1="0" ind2="7">
    <subfield code="2">qrmak</subfield>
    <subfield code="a">Informatiom Sources</subfield>
    <subfield code="x">Protection</subfield>
  </datafield>
  <datafield tag="651" ind1=" " ind2=" ">
    <subfield code="2">qrmak</subfield>
  </datafield>
  <datafield tag="700" ind1="1" ind2=" ">
    <subfield code="a"> Deschamps,Judith </subfield>
  </datafield>
  <datafield tag="942" ind1=" " ind2=" ">
    <subfield code="2">ddc</subfield>
    <subfield code="c">BK</subfield>
  </datafield>
  <datafield tag="999" ind1=" " ind2=" ">
    <subfield code="c">66117</subfield>
    <subfield code="d">66117</subfield>
  </datafield>
  <datafield tag="952" ind1=" " ind2=" ">
    <subfield code="0">0</subfield>
    <subfield code="1">0</subfield>
    <subfield code="4">0</subfield>
    <subfield code="7">0</subfield>
    <subfield code="a">CAI</subfield>
    <subfield code="b">CAI</subfield>
    <subfield code="c">&#x627;&#x644;&#x645;&#x639;&#x627;&#x631;&#x641; &#x627;&#x644;&#x639;&#x627;&#x645;&#x629;-&#x627;&#x646;&#x62C;&#x644;&#x64A;&#x632;&#x649;</subfield>
    <subfield code="d">2022-02-08</subfield>
    <subfield code="l">0</subfield>
    <subfield code="o">028.7/ E I</subfield>
    <subfield code="p">167346</subfield>
    <subfield code="r">2022-02-08 00:00:00</subfield>
    <subfield code="w">2022-02-08</subfield>
    <subfield code="y">BK</subfield>
  </datafield>
</record>
